书目信息 |
| 题名: |
青藏铁路旅游必备手册
|
|
| 作者: | 侯德强 主编 | |
| 分册: | ||
| 出版信息: | 北京 东方出版社 2007.01 |
|
| 页数: | 304页 | |
| 开本: | 23cm | |
| 丛书名: | 东方文化之旅丛书 | |
| 单 册: | ||
| 中图分类: | K928.944-62 , K928.975 | |
| 科图分类: | ||
| 主题词: | 导游--青海省 , 导游--西藏自治区 , 导游 | |
| 电子资源: | ||
| ISBN: | 978-7-5060-2289-7 | |
| 000 | 00926oam2 2200277 450 | |
| 001 | 003425776 | |
| 005 | 20070621135252.0 | |
| 010 | @a978-7-5060-2289-7@dCNY58.00 | |
| 100 | @a20100913d2007 em y0chiy0110 ea | |
| 101 | 0 | @achi |
| 102 | @aCN@b110000 | |
| 105 | @aa z 000yy | |
| 200 | 1 | @a青藏铁路旅游必备手册@Aqing zang tie lu lv you bi bei shou ce@f侯德强主编 |
| 210 | @a北京@c东方出版社@d2007.01 | |
| 215 | @a304页@c彩照@d23cm | |
| 225 | 2 | @a东方文化之旅丛书 |
| 330 | @a本书以青藏铁路为主线,介绍了青藏铁路沿途的主要风景。对西藏的自然地理、人文历史、风俗、特产等进行了详细阐述。同时,也详细介绍了西藏各个地区的主要旅游景点。 | |
| 461 | 0 | @1001003449520@12001 @a东方文化之旅丛书 |
| 606 | 0 | @a导游@y青海省 |
| 606 | 0 | @a导游@y西藏自治区 |
| 606 | 0 | @a导游 |
| 690 | @aK928.944-62@v5 | |
| 690 | @aK928.975@v5 | |
| 701 | 0 | @a侯德强@Ahou de qiang@4主编 |
| 905 | @aBZT@dK928.944-62@e1 | |
| 906 | @dCNY58.00@n0@r1 | |
| 青藏铁路旅游必备手册/侯德强主编.-北京:东方出版社,2007.01 |
| 304页:彩照;23cm.-(东方文化之旅丛书) |
| ISBN 978-7-5060-2289-7:CNY58.00 |
| 本书以青藏铁路为主线,介绍了青藏铁路沿途的主要风景。对西藏的自然地理、人文历史、风俗、特产等进行了详细阐述。同时,也详细介绍了西藏各个地区的主要旅游景点。 |
| ● |
| 相关链接 |
|
|
|
正题名:青藏铁路旅游必备手册
索取号:K928.944-62/1
 
预约/预借
| 序号 | 登录号 | 条形码 | 馆藏地/架位号 | 状态 | 备注 |
| 1 | 763048 | 2000763048 | 中心书库南/015架B面3层6列/ [索取号:K928.944-62/1] | 在馆 | |
| 2 | 763049 | 2000763049 | 中心书库南/015架B面4层6列/ [索取号:K928.944-62/1] | 在馆 | |
| 3 | 763050 | 2000763050 | 中心书库南/015架B面4层6列/ [索取号:K928.944-62/1] | 在馆 | |
| 4 | 763051 | 2000763051 | 中心书库南/015架B面3层6列/ [索取号:K928.944-62/1] | 在馆 | |
| 5 | 763052 | 2000763052 | 中心书库南/015架B面4层6列/ [索取号:K928.944-62/1] | 在馆 | |
| 6 | 763054 | 2000763054 | 中心书库南/015架B面3层6列/ [索取号:K928.944-62/1] | 在馆 | |
| 7 | 763055 | 2000763055 | 中心书库南/015架B面3层6列/ [索取号:K928.944-62/1] | 在馆 | |
| 8 | 763056 | 2000763056 | 中心书库南/007架A面5层4列/ [索取号:K928.944-62/1] | 在馆 | |
| 9 | 763057 | 2000763057 | 中心书库南/015架B面4层6列/ [索取号:K928.944-62/1] | 在馆 |